|
|
|
|
| LEADER |
01115pam a22003258a 4500 |
| 001 |
00033092 |
| 005 |
20171026081025.0 |
| 008 |
150403s2014 ||||||Viesd |
| 020 |
# |
# |
|a 9786045032886
|
| 041 |
0 |
# |
|a Vie
|
| 082 |
1 |
4 |
|a 959.7
|b S550H
|
| 100 |
1 |
# |
|a Đặng, Xuân Bảng
|
| 245 |
0 |
0 |
|a Sử học bị khảo
|c Đặng Xuân Bảng ; Đỗ Mộng Khương (dịch)
|b Thiên văn khảo. Địa lý khảo. Quan chế khảo
|
| 260 |
# |
# |
|a Hà Nội
|b Văn hóa Thông tin
|c 2014
|
| 300 |
# |
# |
|a 607 tr.
|c 21 cm.
|
| 500 |
# |
# |
|a ĐTTS ghi: Viện Hàn lâm Khoa học xã hội Việt Nam
|
| 504 |
# |
# |
|a Thư mục: tr. 688-690
|
| 653 |
# |
# |
|a Lịch sử
|
| 653 |
# |
# |
|a Địa lý
|
| 653 |
# |
# |
|a Việt Nam
|
| 700 |
1 |
# |
|a Đỗ, Mộng Khương
|e Dịch
|
| 852 |
# |
# |
|b Kho mượn
|j KM.0018029, KM.0018030
|
| 852 |
# |
# |
|j KD.0016533
|j KM.0018029
|j KM.0018030
|
| 852 |
# |
# |
|b Kho đọc
|j KD.0016533
|
| 910 |
0 |
# |
|a kchi
|d 3/4/2015
|
| 980 |
# |
# |
|a Trung tâm Học liệu Lê Vũ Hùng, Trường Đại học Đồng Tháp
|